000 00878nam a22001817a 4500
999 _c15000
_d15000
003 OSt
082 _2631.56 ALF/EF
088 _aP 215
100 _aALFIYA P. V
_aASHLY K. R
_aSANGEETHA P. SHENOY
_93636
245 _aEffect of post harvest treatments and modified atmosphere package on shelf life extension of passion fruit (Passiflora edulis)
260 _aTavanur 2010
_bKelappaji College of Agricultural Engineering and Technology
300 _a50
500 _aEffect of post harvest treatments and modified atmosphere package on shelf life extension of passion fruit (Passiflora edulis)
520 _aEffect of post harvest treatments and modified atmosphere package on shelf life extension of passion fruit (Passiflora edulis)
700 _aDr. K. P Sudheer (Guide)
_93362
856 _uhttps://drive.google.com/open?id=170XaO5425Vzcp2sS4gqUAtTFkH3ijRjX
942 _cPR